00658cam a2200229 i 4500001000800000005001700008008004100025010001700066020001500083040001800098041000800116080001700124082001700141100000700158101000800165245003500173504003000208906004500238942001200283999001700295952011600312275360320180130035157.0790316s1979 nyu b 001 0 eng  a 79011847  a0841904359 aDLCcDLCdDLC aeng a301.411 pet00a301.411 pet1 a50 asoc10aBe a man! :cPeter N. Stearns. aBibliography: p. 225-226. a7bcbccorignewd1eocipf19gy-gencatlg 2ddccBK c41233d41233 00102ddc40708PËKGa002b002cPËKGd2018-01-30l0o301.411 petp002-2996919r2018-01-30w2018-01-30yBK